00905nam a22002297a 4500999001700000003000900017008004100026040007100067082002300138100002200161245003000183260003100213300005300244505011100297650003300408650001900441650004100460700004000501942001600541945002100557952009700578 c19008d19008AR-CdUCM190516b ||||| |||| 00| 0 spa d aMUNICIPALIDAD PROVINCIAL DEL CUSCOcBIBLIOTECA MUNICIPAL DEL CUSCO a581.4 /bC6822ed. aClarke, George L. aElementos de ecología / aBarcelona :bOmega,c1963. a615 paginas ;bIlustraciones, diagramas,c23 cm. aContenido : Idea general de la ecología moderna -- El medio -- El substrato -- El agua -- Temperatura... aFormación del suelo940036 aEl aire940037 aEcología de las poblaciones940038 aFuste, Miguel (Traducción)940039 2ddccLIBROS awntsd2019-05-16 002ddc4070aSCbSCcCARTd2019-05-16g50.00o581.4 / C68pSC0000001743r2019-05-16yLIBROS